LEADER 01145nam0-2200313---450- 001 990009401500403321 005 20110720144727.0 035 $a000940150 035 $aFED01000940150 035 $a(Aleph)000940150FED01 035 $a000940150 100 $a20110720d1982----km-y0itay50------ba 101 0 $aita 102 $aIT 105 $af-------001yy 200 1 $aArchitettura e cultura religiosa a Sala tra 4. e 19. secolo$ecatalogo della Mostra sui beni culturali$eSala Consilina, luglio-settembre 1982$fa cura di Enrico Spinelli 210 $aSala Consilina$cBiblioteca comunale$d1982 215 $a39 p., 39 c. di tav.$d22 cm 225 1 $a<>beni culturali$iArchitettura$v2 300 $aIn testa al frontespizio: Comune di Sala Consilina, Assessorato ai beni culturali, Biblioteca comunale 610 0 $aArchitettura sacra$aSala Consilina$aSec. 4.-19. 702 1$aSpinelli,$bEnrico 801 0$aIT$bUNINA$gRICA$2UNIMARC 901 $aBK 912 $a990009401500403321 952 $a50.305$bs.i.$fDARST 959 $aDARST 996 $aArchitettura e cultura religiosa a Sala tra 4. e 19. secolo$9764976 997 $aUNINA LEADER 00795nam0-22002651i-450- 001 990001288810403321 035 $a000128881 035 $aFED01000128881 035 $a(Aleph)000128881FED01 035 $a000128881 100 $a20000920d1984----km-y0itay50------ba 101 1$aeng 200 1 $aGROUPS-KOREA 1983$eProceedings of a Conference on Combinatorial Group Theory held at Kyoungju, Korea, August 26-31, 1983$fEdited by A.C. Min and B.H. Neumann 205 $a$a 210 $aBerlin [etc.]$cSpringer-Verlag$d1984 702 1$aMin,$bA.C. 702 1$aNeumann,$bB. H. 801 0$aIT$bUNINA$gRICA$2UNIMARC 901 $aBK 912 $a990001288810403321 952 $aC-20-(1098$b790$fMA1 959 $aMA1 996 $aGroups - Korea 1983$979851 997 $aUNINA DB $aING01 LEADER 00976nam0-22003011i-450- 001 990002063110403321 005 20090403134936.0 035 $a000206311 035 $aFED01000206311 035 $a(Aleph)000206311FED01 035 $a000206311 100 $a20030910d1976----km-y0itay50------ba 101 0 $aeng 200 1 $a<>manual for determining small dosage calculations of pesticides and conversion tables 1976$fJohn W. Neal 210 $aCollege Park$cEntomological Society of America$d1976 215 $a71 p.$d28 cm 610 0 $aEntomologia 610 0 $aAntiparassitari 676 $a632 700 1$aNeal,$bJohn W.$088088 712 02$aEntomological Society of America 801 0$aIT$bUNINA$gRICA$2UNIMARC 901 $aBK 912 $a990002063110403321 952 $a61 IX E.6/05$b4321 (13/6/77)$fDAGEN 959 $aDAGEN 996 $aManual for determining small dosage calculations of pesticides and conversion tables 1976$9393882 997 $aUNINA